000 00388nam a2200121Ia 4500
008 231129s2001||||xx |||||||||||||| ||spa||
040 _bspa
082 _a799.18619 P473
245 0 _aLa pesca en la baja Orinoquia Colombiana: una vision integral
260 _c2001
264 _aMinisterio de Agricultura y Desarrollo Rural ; Colciencias ; Instituto Nacional de pesca
942 _2ddc
_cBKS
999 _c17917
_d17917